000
00276nam a2200109Ia 4500
008
220214s9999 xx 000 0 und d
100
_a
Jones FE
245
0
_a
Controlling vibrations in structures and plant
260
_b
Rubebr Developments
_c
1959
300
_a
3p
942
_c
RE
999
_c
45676
_d
45676